Inverse methods for atmospheric sounding : theory and practice

Αποθηκεύτηκε σε:
Λεπτομέρειες βιβλιογραφικής εγγραφής
Κύριος συγγραφέας: Rodgers, C. D. (Clive D.)
Μορφή: Βιβλίο
Γλώσσα:English
Δημοσίευση: Singapore : World Scientific, 2000
Σειρά:Series on atmospheric, oceanic and planetary physics ; ; 2
Θέματα:
Ετικέτες: Προσθήκη ετικέτας
Δεν υπάρχουν, Καταχωρήστε ετικέτα πρώτοι!

MARC

LEADER 00000nam a2200000 i 4500
001 1/73473
008 080205s2000 eng d
020 |a 981-02-2740-X 
035 |l 10094396 
040 |a GR-MY-UA  |b gre  |e aacr 
041 0 |a eng 
082 0 |a 551.5  |2 (22) 
100 1 |a Rodgers, C. D.  |q (Clive D.) 
245 1 0 |a Inverse methods for atmospheric sounding :  |b theory and practice /  |c Clive D. Rodgers 
260 |a Singapore :   |b World Scientific,   |c 2000 
300 |a xvi, 238 σ.;  |b εικ.;  |c 27 εκ. 
490 1 |a Series on atmospheric, oceanic and planetary physics  |v ; 2 
504 |a Περιέχει βιβλιογραφικές παραπομπές και ευρετήριο 
650 0 0 |a Sounding and soundings. 
650 0 0 |a Atmospheric physics. 
650 0 0 |a Atmosphere  |x Measurement. 
830 0 |a Series on atmospheric, oceanic and planetary physics ;  |v ; 2 
852 |a INST  |b LESVOS  |e 20080205  |h 551.5 ROD  |p 005100040247  |q 005100040247  |t BK  |y 0 
901 |a BIBL1-2008-1 
909 |a Λ  |b 145246 
922 |a 1ΕΛΗ  |b 200801  |c ΕΠΕΑΕΚ2/ΤΓ  |d ΕΛΕΥΘΕΡΟΥΔΑΚΗΣ 
970 |a ΚΑΡΑ  |b ΓΙΑΣΕΜΗ  |z 2008/02/05